Statistiques concernant Culture Générale - Série 400

Cliquez ici pour prendre le quiz!

Statistiques générales

  • Ce quiz a été pris 635 fois
  • Le résultat moyen est 7 sur 10

Statistiques - réponses

QuestionRéponse% Correct
Qui a écrit "Le Malade imaginaire" au XVIIème siècle ?Molière
97%
La locution latine qui signifie "sans entrer dans les détails" est "grosso...Modo
96%
Complétez les paroles de cette chanson : "Je suis tombé par terre, c'est la faute à Voltaire; le nez dans le ruisseau, c'est la faute à...Rousseau
93%
Quel est le nom du chien dans la bande dessinée Lucky Luke créée par Morris ?Rantanplan
83%
Le Premier ministre de l'Inde de 1980 à 1984 était Indira...Gandhi
76%
Depuis combien d'années dure l'union d'un couple qui fête ses noces d'or ?50 ans
64%
Dans le film "Le Gendarme de Saint-Tropez", quel modèle de voiture soeur Clotilde conduit-elle ?Une 2CV
52%
Quel célèbre personnage d'aventurier créé par le dessinateur Hugo Pratt porte les initiales C. M. ?Corto Maltese
49%
Quel auteur-compositeur français a écrit avec Luc Plamondon la comédie musicale "Starmania" ?Michel Berger
49%
Comment s'appelle l'héroïne du film "Autant en emporte le vent" incarnée par Vivien Leigh en 1939 ?Scarlett O'Hara
39%

Distribution des résultats

Percentile par nombre de réponses

% des personnes avec chaque résultat

Votre développement - résultats

Vous n’avez pas pris ce quiz